History Quiz

Random History Quiz

Nuclear Test Sites by Nation Quiz Stats

 Plays Quiz not verified by Sporcle

Score 0/8 Timer 01:30
0 Plays Today
% Correct
USSR
81.1%
North Korea
72.3%
USA
59.5%
UK
58.1%
France
50.7%
India
49.3%
Pakistan
46.6%
China
44.6%

You're not logged in!

Compare scores with friends on all Sporcle quizzes.
OR
Log In

Show Comments

Extras

Top Quizzes Today


Score Distribution

Your Account Isn't Verified!

In order to create a playlist on Sporcle, you need to verify the email address you used during registration. Go to your Sporcle Settings to finish the process.

Report this User

Report this user for behavior that violates our Community Guidelines.

Details: